| 000 | 03800cam a22007334i 4500 | ||
|---|---|---|---|
| 003 | PE-LiUPU | ||
| 005 | 20250731180055.0 | ||
| 008 | 090928s2008 pe a rb 000 0 spa d | ||
| 020 | _a6034515335 | ||
| 020 | _a9786034515338 | ||
| 035 | _a(Sirsi) i9786034515338 | ||
| 040 |
_aPUCPR _bspa _cPUCPR _dPE-LiUPU _erda |
||
| 049 | _aPRUA | ||
| 082 | 0 | 4 |
_a551 _bR78 |
| 082 | 0 | 4 |
_a551 _bR78 2008 |
| 100 | 1 |
_aRojas Caballero, David R., _eautor. |
|
| 245 | 1 | 0 |
_aCompendio de geología general / _cDavid R. Rojas Caballero, Jorge Paredes Ángeles. |
| 250 | _aPrimera edición. | ||
| 264 | 1 |
_aLima : _bUNI, _c2008. |
|
| 300 |
_a316 páginas : _bilustraciones ; _c24 centímetros. |
||
| 336 |
_atext _2rdacontent |
||
| 337 |
_aunmediated _2rdamedia |
||
| 338 |
_avolume _2rdacarrier |
||
| 490 | 0 | _aPrograma editorial Eduardo de Habich | |
| 504 | _aBibliografía : páginas 315-316. | ||
| 505 | 0 | _aTópicos generales -- Magmatismo -- Meteorización o intemperismo -- Metamorfismo y rocas metamórficas -- Deformación de la corteza terrestre -- Formación de montañas y evolución continental -- Movimientos sísmicos -- Tiempo geológico y significado de los fósiles -- Acción geológica de las aguas superficiales -- Aguas subterráneas -- Acción geológica del mar -- Acción geológica del viento -- Glaciación. | |
| 526 | _aSEG44 | ||
| 526 | _aSEG26 | ||
| 526 | _aP159 | ||
| 526 | _aP155 | ||
| 526 | _aP154 | ||
| 526 | _aP153 | ||
| 526 | _aP150 | ||
| 526 | _aP100 | ||
| 526 | _aP31 | ||
| 526 | _aP30 | ||
| 526 | _aP26 | ||
| 526 | _aP25 | ||
| 526 | _aP24 | ||
| 526 | _aP22 | ||
| 526 | _aP15 | ||
| 526 | _aP10 | ||
| 650 | 4 | _aAgua. | |
| 650 | 4 |
_aGeología _xManuales. |
|
| 650 | 4 |
_aGeología _zPerú. |
|
| 650 | 4 |
_aMecánica de suelos. _964 |
|
| 700 | 1 |
_aParedes, Jorge, _d1966- , _eautor. |
|
| 910 |
_btqv _cjhc _d20160920 |
||
| 942 |
_2ddc _cBOOK |
||
| 949 |
_a551 R78 2008 _wDEWEY _c1 _iFJ02176 _lCCODEBUJ1 _mBUJ _p14.15 _r0 _sY _tBOOK _u2016-9-20 _xINGENIERIA _PP25 _0COMPRA _o.STAFF. Colección General Juliaca |
||
| 949 |
_a551 R78 2008 _wDEWEY _c2 _iFJ02177 _lCCODEBUJ1 _mBUJ _p14.15 _r0 _sY _tBOOK _u2016-9-20 _xINGENIERIA _PP25 _0COMPRA _o.STAFF. Colección General Juliaca |
||
| 949 |
_a551 R78 2008 _wDEWEY _c3 _iFJ02178 _lCCODEBUJ1 _mBUJ _p14.15 _r0 _sY _tBOOK _u2016-9-20 _xINGENIERIA _PP25 _0COMPRA _o.STAFF. Colección General Juliaca |
||
| 949 |
_a551 R78 2008 _wDEWEY _c4 _iFJ02179 _lCCODEBUJ1 _mBUJ _p14.15 _r0 _sY _tBOOK _u2016-9-20 _xINGENIERIA _PP25 _0COMPRA _o.STAFF. Colección General Juliaca |
||
| 949 |
_a551 R78 _wDEWEY _c1 _i73544 _d2016-10-5 _e2016-10-5 _lCCODEBUL1 _mBUL _n3 _p48.30 _r0 _sY _tBOOK _u2016-6-14 _xINGENIERIA _PP06 _0COMPRA _o.STAFF. Colección General |
||
| 994 |
_aC0 _bPEPRU |
||
| 596 | _a1 3 | ||
| 999 |
_a551 R78 _wDEWEY _c9947 _i73544 _d9947 _e2016-10-5 _f2021-11-9 _g7 _lCCODEBUL1 _mBUL _n3 _p48.30 _q1 _r0 _sY _tBOOK _u2016-6-14 _xINGENIERIA _PP06 _0COMPRA _o.STAFF. Colección General |
||
| 999 |
_a551 R78 2008 _wDEWEY _c1 _iFJ02176 _d2018-10-10 _e2018-10-4 _f2022-1-19 _g4 _lCCODEBUJ1 _mBUJ _n2 _p14.15 _q1 _r0 _sY _tBOOK _u2016-9-20 _xINGENIERIA _PP25 _0COMPRA _o.STAFF. Colección General Juliaca |
||
| 999 |
_a551 R78 2008 _wDEWEY _c2 _iFJ02177 _f2022-1-19 _g4 _lCCODEBUJ1 _mBUJ _p14.15 _r0 _sY _tBOOK _u2016-9-20 _xINGENIERIA _PP25 _0COMPRA _o.STAFF. Colección General Juliaca |
||
| 999 |
_a551 R78 2008 _wDEWEY _c3 _iFJ02178 _f2022-1-19 _g4 _lCCODEBUJ1 _mBUJ _p14.15 _r0 _sY _tBOOK _u2016-9-20 _xINGENIERIA _PP25 _0COMPRA _o.STAFF. Colección General Juliaca |
||
| 999 |
_a551 R78 2008 _wDEWEY _c4 _iFJ02179 _d2017-8-9 _e2017-8-8 _f2022-1-19 _g4 _lCCODEBUJ1 _mBUJ _n1 _p14.15 _r0 _sY _tBOOK _u2016-9-20 _xINGENIERIA _PP25 _0COMPRA _o.STAFF. Colección General Juliaca |
||
| 980 |
_81 _gALBERTO SANCHEZ Responsable de Automatización |
||